000 01104nam a22003137a 4500
001 BR8400565
003 BR-BrBNA
005 20230928091846.0
007 ta
008 230509b bl.||||| |||| 00| 0 por d
040 _aBR-BrBNA
_bpor
_cBiblioteca Nacional de Agricultura
041 _a(Por)
072 _aF28
_b/G514
090 _ F28 BR8400565
110 1 _aSecretaria da Agricultura, Porto Alegre, RS (Brasil). Depto. de Recursos Naturais Renovaveis
_98487
245 1 _aManual de conservacao do solo e agua. Uso adequado e preservacao dos recursos naturais renovaveis [Brasil]
246 1 _a[Manual of soil and water conservation. Adequate usage and preservation of renewable natural resources [Brazil]]
250 1 _a2. ed.
260 3 _aPorto Alegre, RS (Brasil):
_c1983.
300 _a227 p.
500 _a73 illus.; 41 tables; Bibliography p. 223-227 (56 ref.)
650 _aEROSAO DO SOLO
650 _aCONSERVACAO DO SOLO
650 _aEROSAO HIDRICA
650 _aRECUPERACAO DO SOLO
650 _aPRATICA CULTURAL
909 _a202309
_bLucia
_c55
_dLucia Elande
942 _cBK
999 _c35921
_d35921